[Event "Sportsko leto 2013"]
[Site "Paracin, hotel "]
[Date "2013.07.06"]
[Round "3.35"]
[White "Djordjevic, Gradimir"]
[Black "Isak, Igor G"]
[Result "0-1"]
[WhiteElo "2216"]
[BlackElo "2053"]
[PlyCount "96"]
[EventDate "2013.07.05"]

1. c4 e5 2. Nc3 Nc6 3. g3 f5 4. Bg2 Nf6 5. e3 e4 6. d3 Bb4 7. d4 d5 8. cxd5
Nxd5 9. Nge2 Be6 10. O-O Qe7 11. Qa4 Nb6 12. Qc2 Bc4 13. Re1 Bd3 14. Qd1 g5 15.
a3 Bd6 16. b3 h5 17. f3 O-O-O 18. d5 Be5 19. dxc6 Bxe2 20. cxb7+ Kxb7 21. Qxe2
Bxc3 22. Bb2 Rd2 23. Bxc3 Rxe2 24. Rxe2 Rd8 25. fxe4 fxe4 26. Rf1 Qxa3 27.
Bxe4+ Kb8 28. Bd4 Qxb3 29. Ref2 Qb4 30. Bg2 a5 31. Rc2 Rxd4 32. exd4 Qxd4+ 33.
Kh1 Qd6 34. Rc6 Qe7 35. Rh6 a4 36. Rxh5 a3 37. Rh8+ Ka7 38. Rhf8 Qb4 39. R8f7
Qc3 40. R7f3 Qb2 41. R3f2 Qd4 42. Ra2 Nc4 43. h3 Kb6 44. Rc1 c5 45. Kh2 Ne3 46.
Rb1+ Kc7 47. Bf3 Nf5 48. Rb7+ Kd6 0-1

[Event "Sportsko leto 2013"]
[Site "Paracin, hotel "]
[Date "2013.07.06"]
[Round "3.36"]
[White "Tadic, Katarina"]
[Black "Andersen, Alf R"]
[Result "1-0"]
[WhiteElo "2069"]
[BlackElo "2202"]
[PlyCount "61"]
[EventDate "2013.07.05"]

1. Nf3 f5 2. d3 d6 3. e4 e5 4. Nc3 Nc6 5. exf5 Bxf5 6. d4 Nf6 7. dxe5 Nxe5 8.
Nd4 Bd7 9. Bg5 Be7 10. Qd2 c6 11. O-O-O O-O 12. f3 b5 13. h4 Rb8 14. Bd3 b4 15.
Ne4 Nxe4 16. Bxe4 d5 17. f4 Ng4 18. Bf3 Nf6 19. Rde1 h6 20. Qd3 Bc5 21. Ne6
Bxe6 22. Rxe6 Qc7 23. g3 Ne4 24. Bxe4 dxe4 25. Qxe4 Qf7 26. Bxh6 gxh6 27. Rg6+
Kh8 28. Rxh6+ Kg8 29. Rg6+ Kh8 30. Qe5+ Kh7 31. Qh5# 1-0

[Event "Sportsko leto 2013"]
[Site "Paracin, hotel "]
[Date "2013.07.06"]
[Round "3.38"]
[White "Vucinic, Gojko"]
[Black "Burovic, Rijad"]
[Result "1-0"]
[WhiteElo "2252"]
[BlackElo "1919"]
[PlyCount "59"]
[EventDate "2013.07.05"]

1. e4 e6 2. d4 d5 3. Nc3 Bb4 4. e5 c5 5. a3 Bxc3+ 6. bxc3 Ne7 7. Qg4 Kf8 8. Bd2
Qa5 9. Nf3 Qa4 10. Ra2 b6 11. Ng5 h6 12. Qh5 Ng6 13. Nxf7 Kxf7 14. Bd3 cxd4 15.
Qxg6+ Kf8 16. cxd4 Nc6 17. c3 Qb3 18. Ra1 Qb2 19. Rb1 Qxa3 20. Bb5 Bd7 21. Bxc6
Bxc6 22. c4 a5 23. Qxe6 Qd3 24. Rxb6 Qxd4 25. Rxc6 Qe4+ 26. Be3 Qb1+ 27. Ke2
Qc2+ 28. Kf3 Qe4+ 29. Kg3 h5 30. Bc5# 1-0

[Event "Sportsko leto 2013"]
[Site "Paracin, hotel "]
[Date "2013.07.06"]
[Round "3.39"]
[White "Djordjevic, Vuk"]
[Black "Dimic, Pavle"]
[Result "1/2-1/2"]
[WhiteElo "2138"]
[BlackElo "2218"]
[PlyCount "101"]
[EventDate "2013.07.05"]

1. e4 c5 2. Nc3 Nc6 3. f4 g6 4. Nf3 Bg7 5. Bc4 e6 6. O-O Nge7 7. Qe1 O-O 8. d3
d5 9. Bb3 Na5 10. exd5 Nxb3 11. axb3 Nxd5 12. Bd2 Nb4 13. Rc1 Nc6 14. Nd1 b6
15. Bc3 Nd4 16. Bxd4 cxd4 17. Nf2 Bb7 18. Ne4 Rc8 19. Ne5 Qd5 20. Qf2 Rc7 21.
Rfe1 Rfc8 22. Re2 Qd8 23. Nc4 Rd7 24. h4 Rd5 25. Rce1 Qc7 26. Ne5 f6 27. Nc4 b5
28. Na3 a6 29. Ng3 e5 30. f5 Qf7 31. Rf1 Rf8 32. Nb1 Bh6 33. Kh1 Rc5 34. c4 Be3
35. Rxe3 dxe3 36. Qxe3 Rcc8 37. Nc3 bxc4 38. bxc4 Kg7 39. Nce4 Bxe4 40. Nxe4
Qd7 41. g4 Qd4 42. Qg3 Rb8 43. g5 fxg5 44. Nxg5 Rbe8 45. Rf3 Qd6 46. Ne6+ Rxe6
47. fxe6 Rxf3 48. Qxf3 Qxe6 49. Qb7+ Kh6 50. Qf3 Kg7 51. Qb7+ 1/2-1/2

[Event "Sportsko leto 2013"]
[Site "Paracin, hotel "]
[Date "2013.07.06"]
[Round "3.40"]
[White "Zlatanovic, Zoran"]
[Black "Colovic, Zoran"]
[Result "1/2-1/2"]
[WhiteElo "2210"]
[BlackElo "2112"]
[PlyCount "95"]
[EventDate "2013.07.05"]

1. e4 c5 2. Nf3 Nc6 3. d3 d6 4. g3 g6 5. Bg2 Bg7 6. c3 Nf6 7. Nbd2 O-O 8. O-O
Qc7 9. a3 Bg4 10. h3 Bd7 11. d4 cxd4 12. cxd4 Rac8 13. b4 e5 14. Bb2 Nh5 15.
Rc1 Qb8 16. Nb3 Rfd8 17. Qe2 a6 18. Rfd1 Be8 19. h4 Qa7 20. Qe3 exd4 21. Nbxd4
Ne5 22. Nxe5 dxe5 23. Nc2 Qb8 24. Rxd8 Rxd8 25. Ne1 Qd6 26. Bf3 Ba4 27. Rc5 f6
28. Rd5 Qc7 29. Qd2 Re8 30. Ng2 Bf8 31. Ne3 Qb6 32. Bxh5 gxh5 33. Qe2 Qe6 34.
Nf5 Bc6 35. Rd1 Qf7 36. Bc1 Qg6 37. Kh2 Kh8 38. Re1 Bb5 39. Qd1 Bc6 40. f3 Qf7
41. g4 Bd7 42. Nd6 Bxd6 43. Qxd6 hxg4 44. fxg4 Qe6 45. Qxe6 Rxe6 46. g5 Bc6 47.
Bb2 Kg7 48. gxf6+ 1/2-1/2

[Event "Sportsko leto 2013"]
[Site "Paracin, hotel "]
[Date "2013.07.06"]
[Round "3.41"]
[White "Todorovic, Nenad I"]
[Black "Banovic, Ivan"]
[Result "1-0"]
[WhiteElo "2130"]
[BlackElo "2188"]
[PlyCount "67"]
[EventDate "2013.07.05"]

1. e4 c5 2. Nf3 Nc6 3. d4 cxd4 4. Nxd4 g6 5. c4 Bg7 6. Be3 Nf6 7. Nc3 d6 8. Be2
O-O 9. O-O Bd7 10. Qd2 Nxd4 11. Bxd4 Bc6 12. f3 Nd7 13. Be3 a5 14. b3 Nc5 15.
Rab1 Qb6 16. Rfc1 Rfc8 17. Rc2 Qd8 18. a3 h5 19. Bf1 Kh7 20. b4 axb4 21. axb4
Na4 22. Ne2 Bd7 23. Nd4 Qf8 24. f4 Bh6 25. e5 dxe5 26. fxe5 Bc6 27. Nxc6 Bxe3+
28. Qxe3 Rxc6 29. c5 Nb6 30. Rd2 Nc8 31. b5 Rc7 32. b6 Rc6 33. Bb5 Re6 34. Bd7
1-0

[Event "Sportsko leto 2013"]
[Site "Paracin, hotel "]
[Date "2013.07.06"]
[Round "3.43"]
[White "Tisma, Ivan"]
[Black "Persson, Richard"]
[Result "0-1"]
[WhiteElo "2096"]
[BlackElo "2175"]
[PlyCount "126"]
[EventDate "2013.07.05"]

1. Nf3 d5 2. d4 c6 3. c4 e6 4. Qc2 dxc4 5. Qxc4 b5 6. Qb3 a6 7. g3 Bb7 8. Bg2
c5 9. dxc5 Bxc5 10. O-O Nf6 11. a4 b4 12. Bg5 Nbd7 13. Nbd2 h6 14. Bf4 O-O 15.
a5 Qe7 16. Be3 Bd5 17. Bxc5 Qxc5 18. Qd3 Rfc8 19. Rfc1 Qxc1+ 20. Rxc1 Rxc1+ 21.
Nf1 Ra1 22. Qd2 Rb8 23. Nd4 Rxa5 24. Nc6 Bxc6 25. Bxc6 Ne5 26. Bg2 Nd5 27. e4
Nf6 28. h3 Rab5 29. Ne3 a5 30. f4 Ng6 31. Qd1 b3 32. Nc4 a4 33. Qd4 Rb4 34. Qc3
h5 35. h4 Ng4 36. Bf3 Nf6 37. Kf2 Ne7 38. Ke2 a3 39. Nxa3 Nxe4 40. Bxe4 Rxe4+
41. Kf3 Reb4 42. Nb1 Nf5 43. Nd2 R4b7 44. Ne4 Rb5 45. Qc7 R5b7 46. Qc3 Rd7 47.
Kf2 Rd4 48. Kf3 Rd5 49. Qc7 Rbd8 50. Qc1 Rd3+ 51. Kf2 Ne3 52. Qc6 Nd1+ 53. Kg2
Nxb2 54. Qb5 Nd1 55. Qxh5 Ne3+ 56. Kf2 Nf5 57. Qe2 Nxg3 58. Nxg3 Rd2 59. Ne4
Rxe2+ 60. Kxe2 b2 61. Nc3 Rc8 62. Nb1 Rc1 63. Na3 b1=Q 0-1

[Event "Sportsko leto 2013"]
[Site "Paracin, hotel "]
[Date "2013.07.06"]
[Round "3.44"]
[White "Secheres, Adrian-Simion"]
[Black "Bejatovic, Bojana"]
[Result "1/2-1/2"]
[WhiteElo "2143"]
[BlackElo "2002"]
[PlyCount "49"]
[EventDate "2013.07.05"]

1. d4 f5 2. g3 Nf6 3. Bg2 g6 4. c4 Bg7 5. Nc3 O-O 6. Nf3 d6 7. O-O c6 8. Rb1
Qe8 9. b4 e5 10. dxe5 dxe5 11. e4 Na6 12. Ba3 Rf7 13. b5 cxb5 14. cxb5 Nc7 15.
Ng5 Rd7 16. Qb3+ Kh8 17. exf5 gxf5 18. Rbd1 e4 19. Rxd7 Bxd7 20. Nf7+ Kg8 21.
Nh6+ Kh8 22. Nf7+ Kg8 23. Nd6+ Qe6 24. Qxe6+ Bxe6 25. Nxb7 1/2-1/2